00929nam a2200229Ia 4500008004100000020001800041082001700059100001800076245004900094250000800143260003000151300001300181500002400194650001500218700001800233942000700251952010600258952010600364952010600470952010600576999001700682230524s9999 xx 000 0 und d a9788177582291 a381.142bRAN aM.Ranganatham 0aInvestment Analysis And Portfolio Management aIST aNEW DELHIb Pearsonc2008 aXIII;522 aQuantity Number: 4 aManagement a R.Madhumati cBK 00104070aTATCLbTATCLcGENd2023-05-24l0o381.142 RANp29257r2023-05-24w2023-05-24yBKzMBA3102 00104070aTATCLbTATCLcGENd2023-05-24l0o381.142 RANp29258r2023-05-24w2023-05-24yBKzMBA3102 00104070aTATCLbTATCLcGENd2023-05-24l0o381.142 RANp30736r2023-05-24w2023-05-24yBKzMBA3102 00104070aTATCLbTATCLcGENd2023-05-24l0o381.142 RANp30737r2023-05-24w2023-05-24yBKzMBA3102 c42309d42309